Kết cấu thép
Sách giới thiệu về kết cấu chịu lực của các công trình xây dựng làm bằng thép; trình bày các cấu kiện trong kết cấu thép như liên kết hàn, liên kết bulông, liên kết đinh tán; giới thiệu các loại cấu kiện cơ bản trong kết cấu xây dự...
Сохранить в:
| Формат: | |
|---|---|
| Язык: | Undetermined |
| Опубликовано: |
Hà Nội
Khoa học và Kỹ thuật
1998
|
| Предметы: | |
| Метки: |
Добавить метку
Нет меток, Требуется 1-ая метка записи!
|
| Thư viện lưu trữ: | Trung tâm Học liệu Trường Đại học Cần Thơ |
|---|
| LEADER | 01002nam a2200193Ia 4500 | ||
|---|---|---|---|
| 001 | CTU_28008 | ||
| 008 | 210402s9999 xx 000 0 und d | ||
| 020 | |c 20000 | ||
| 082 | |a 624.1821 | ||
| 082 | |b K258 | ||
| 245 | 0 | |a Kết cấu thép | |
| 245 | 0 | |c Đoàn Định Kiến ...[et al.] | |
| 260 | |a Hà Nội | ||
| 260 | |b Khoa học và Kỹ thuật | ||
| 260 | |c 1998 | ||
| 520 | |a Sách giới thiệu về kết cấu chịu lực của các công trình xây dựng làm bằng thép; trình bày các cấu kiện trong kết cấu thép như liên kết hàn, liên kết bulông, liên kết đinh tán; giới thiệu các loại cấu kiện cơ bản trong kết cấu xây dựng như dầm thép. cột thép, dàn thép | ||
| 650 | |a Building, iron and steel,Civil engineering,Steel, structural,Structural engineering | ||
| 904 | |i Minh | ||
| 980 | |a Trung tâm Học liệu Trường Đại học Cần Thơ | ||